000 00497nam a2200181Ia 4500
008 090124s9999 xx 000 0 und d
082 _b28382
_a7120
100 _aजोशी रत्नप्रभा
245 _a शिखंडी
250 _a1
260 _c1992
300 _a114
600 _aजोशी रत्नप्रभा
630 _a शिखंडी
700 _aजोशी रत्नप्रभा
730 _a शिखंडी
942 _cBOOK
999 _c141844
_d141844